Sacramentos y sanación: dimensión curativa de la liturgia cristiana
Guardat en:
| Autor principal: | |
|---|---|
| Format: | Llibre |
| Idioma: | espanyol |
| Publicat: |
Salamanca
Ediciones Sígueme
2008
|
| Edició: | 1a. ed |
| Col·lecció: | Verdad e Imagen Minor, 25
|
| Matèries: | |
| Etiquetes: |
Afegir etiqueta
Sense etiquetes, Sigues el primer a etiquetar aquest registre!
|
MARC
| LEADER | 00000cam a2200000 a 4500 | ||
|---|---|---|---|
| 001 | UCE2018 | ||
| 003 | CL-VaPUC | ||
| 008 | 140605e20080000sp |||||||||||||||||spa|d | ||
| 020 | |a 9788430116805 | ||
| 082 | 0 | 4 | |a 265 |b BOR |2 21 |
| 100 | |a Borobio Garcia, Dionisio |e author |9 325690 | ||
| 245 | 1 | 0 | |a Sacramentos y sanación: dimensión curativa de la liturgia cristiana |
| 250 | |a 1a. ed | ||
| 300 | |a 142 p | ||
| 942 | |c BK | ||
| 945 | |d 20140605 14:22:00 |a dcastane | ||
| 260 | |a Salamanca |b Ediciones Sígueme |c 2008 | ||
| 650 | 0 | |a Liturgia católica |9 516111 | |
| 650 | 0 | |a Sacramentos |9 257270 | |
| 650 | 0 | |a Historia de la iglesia |9 257565 | |
| 650 | 0 | |a Historia de la religión |9 313185 | |
| 583 | |a last modification |c 20140605 14:22:00 |k Rodrigo Vera | ||
| 490 | 0 | |a Verdad e Imagen Minor, 25 | |
| 999 | |c 355698 |d 355696 | ||
| 952 | |0 0 |1 0 |3 erb |4 0 |6 265_000000000000000_BOR_2008 |7 0 |8 A |9 462509 |a BIBTEO |b BIBTEO |i 5081351 |o 265 BOR 2008 |p 5081351 |r 2025-01-17 |w 2019-11-23 |y BK |z Catalogado en:20140605 |k ICR | ||